书目信息 |
| 题名: |
中外朗诵经典诗文选
|
|
| 作者: | ;中共重庆市委宣传部读点经典编委会 编 | |
| 分册: | 中国改革开放后经典诗文 | |
| 出版信息: | 北京 中国盲文出版社 2012 |
|
| 页数: | 1册 | |
| 开本: | 31cm | |
| 丛书名: | ||
| 单 册: | ||
| 中图分类: | I12 , I16 , I217.01 | |
| 科图分类: | ||
| 主题词: | 诗歌--世界--选集--盲文 , 散文--世界--选集--盲文 , 中国文学--作品综合集--盲文 | |
| 电子资源: | ||
| ISBN: | 978-7-5002-3395-4 | |
| 000 | 01107nam0 2200301 450 | |
| 001 | 1570152438 | |
| 005 | 20150201193202.20 | |
| 010 | @a978-7-5002-3395-4@dCNY18.00 | |
| 100 | @a20130808d2012 em y0chiy0110 e ea | |
| 101 | 0 | @achi |
| 102 | @aCN@b110000 | |
| 105 | @ay z 000zy | |
| 200 | 1 | @a中外朗诵经典诗文选@9zhong wai lang song jing dian shi wen xuan@i中国改革开放后经典诗文@f中共重庆市委宣传部《读点经典》编委会编 |
| 210 | @a北京@c中国盲文出版社@d2012 | |
| 215 | @a1册@d31cm | |
| 300 | @a其他题名:中国改革开放后经典诗文 | |
| 305 | @a原由:重庆出版社,2010出版 | |
| 330 | @a本书主要介绍中国改革开放后(1978年以后)的优秀诗文佳作。 | |
| 517 | 1 | @a中国改革开放后经典诗文@9zhong guo gai ge kai fang hou jing dian shi wen |
| 606 | 0 | @a诗歌@y世界@j选集@j盲文 |
| 606 | 0 | @a散文@y世界@j选集@j盲文 |
| 606 | 0 | @a中国文学@x作品综合集@j盲文 |
| 690 | @aI12@v5 | |
| 690 | @aI16@v5 | |
| 690 | @aI217.01@v5 | |
| 711 | 02 | @a中共重庆市委宣传部读点经典编委会@9zhong gong chong qing shi wei xuan chuan bu du dian jing dian bian wei hui@4编 |
| 801 | 0 | @aCN@bTSSF@c20150201 |
| 905 | @aZUCC@dI12@eJY1 | |
| 中外朗诵经典诗文选.中国改革开放后经典诗文/中共重庆市委宣传部《读点经典》编委会编.-北京:中国盲文出版社,2012 |
| 1册;31cm |
| 其他题名:中国改革开放后经典诗文 |
| ISBN 978-7-5002-3395-4:CNY18.00 |
| 本书主要介绍中国改革开放后(1978年以后)的优秀诗文佳作。 |
| ● |
| 相关链接 |
|
|
|
|
正题名:中外朗诵经典诗文选
索取号:I12/JY1
 
预约/预借
| 序号 | 登录号 | 条形码 | 馆藏地/架位号 | 状态 | 备注 |
| 1 | 7864693 | 278646930 | 学院路分馆/ [索取号:I12/JY1] | 在馆 |